| 000 | 00448nam a22001817a 4500 | ||
|---|---|---|---|
| 005 | 20260210123751.0 | ||
| 008 | 260210b |||||||| |||| 00| 0 eng d | ||
| 020 |
_a9789386806024 _c1995.00 |
||
| 040 | _aMAIN | ||
| 041 | _aEnglish | ||
| 082 |
_a572.8 _bROY |
||
| 100 |
_aRoy, Diptanshu _926263 |
||
| 245 | _aMolecular Biology | ||
| 260 |
_aNew Delhi _bIshwar Books _c2025 |
||
| 300 | _a276 | ||
| 650 |
_aBiological Science _914046 |
||
| 942 | _cBK | ||
| 999 |
_c60309 _d60309 |
||